Die Entführung. (Record no. 4706)

MARC details
000 -LEADER
fixed length control field 00687cam a22002411 4500
001 - CONTROL NUMBER
control field af 48001776
003 - CONTROL NUMBER IDENTIFIER
control field DLC
005 - DATE AND TIME OF LATEST TRANSACTION
control field 20260227110851.0
008 - FIXED-LENGTH DATA ELEMENTS--GENERAL INFORMATION
fixed length control field 900330s1943 gw 000 1 ger c
010 ## - LIBRARY OF CONGRESS CONTROL NUMBER
LC control number af 48001776
035 ## - SYSTEM CONTROL NUMBER
System control number (OCoLC)21288645
040 ## - CATALOGING SOURCE
Original cataloging agency Yale Univ. Library
Transcribing agency CU
Modifying agency CU
-- DLC
042 ## - AUTHENTICATION CODE
Authentication code premarc
050 00 - LIBRARY OF CONGRESS CALL NUMBER
Classification number PT1856
Item number .E5 1943
100 1# - MAIN ENTRY--PERSONAL NAME
Personal name Eichendorff, Joseph,
Titles and words associated with a name Freiherr von,
Dates associated with a name 1788-1857.
245 04 - TITLE STATEMENT
Title Die Entführung.
Remainder of title Schloss Dürande. Zwei Novellen.
250 ## - EDITION STATEMENT
Edition statement [1. Aufl.]
260 ## - PUBLICATION, DISTRIBUTION, ETC.
Place of publication, distribution, etc. Gütersloh,
Name of publisher, distributor, etc. G. Bertelsmann
Date of publication, distribution, etc. [1943]
300 ## - PHYSICAL DESCRIPTION
Extent 76 p.
Dimensions 18 cm.
440 #0 - SERIES STATEMENT/ADDED ENTRY--TITLE
Title Kleine Feldpost-Reihe
740 4# - ADDED ENTRY--UNCONTROLLED RELATED/ANALYTICAL TITLE
Uncontrolled related/analytical title Die Entführung.
740 0# - ADDED ENTRY--UNCONTROLLED RELATED/ANALYTICAL TITLE
Uncontrolled related/analytical title Schloss Dürande.

No items available.

Powered by Koha